000 00270nam a2200109Ia 4500
008 190216s9999||||xx |||||||||||||| ||und||
100 _aEnest Mayer
245 0 _aJanthu Shashthra Vargeegarana Thathwangal
260 _bBhasha Institute
650 _aZoology
942 _cBK
999 _c38406
_d38406